000 00412nam a2200169 a 4500
001 18921
005 20180713212304.0
008 140415s1946 000 0 spa d
041 _aspa
082 _a972.03
_bTEJ
100 1 _aTEJA ZABRE, ALFONSO
245 1 0 _aMORELOS
260 _a[s.l.] :
_bESPASA-CALPE,
_c1946
300 _a211
490 _aAUSTRAL
_v553
650 1 4 _aMEXICO
_xHISTORIA
999 _c18921
_d18921